Classic Authors - Statistics

General Stats
  • This quiz has been taken 2,562 times
  • The average score is 9 of 15
Answer Stats
Hint Answer % Correct
The Adventures of Tom Sawyer Mark Twain
93%
Anna Karenina Leo Tolstoy
89%
The Adventures of Sherlock Holmes Arthur Conan Doyle
83%
Dracula Bram Stoker
81%
Emma Jane Austen
81%
Moby Dick Herman Melville
75%
The Picture of Dorian Gray Oscar Wilde
74%
Gulliver's Travels Jonathan Swift
69%
The Count of Monte Cristo Alexandre Dumas
68%
White Fang Jack London
60%
The Strange Case of Dr. Jekyll and Mr. Hyde Robert Louis Stevenson
56%
The Secret Garden Frances Hodgson Burnett
28%
Siddhartha Hermann Hesse
28%
The Jungle Upton Sinclair
28%
The Phantom of the Opera Gaston Leroux
14%
No matching quizzes found
Score Distribution
Percent of People with Each Score
Percentile by Number Answered
Your Score History
You have not taken this quiz